| 000 | 01359nam0a2200337 4500 | ||
|---|---|---|---|
| 001 | RU\NLR\bibl\1371886 | ||
| 005 | 20250615190653.0 | ||
| 010 |
_a978-5-91314-164-4 _95000 |
||
| 021 |
_aRU _b2009-22248 _91317 |
||
| 035 | _a(nilc)RSL-KNO-004268003 | ||
| 035 | _a(NLR Aleph) 001364015 | ||
| 090 |
_a999351 _c999351 |
||
| 100 | _a20090318d2008 |||y0rusy50 ca | ||
| 101 | 0 |
_arus _afre |
|
| 102 | _aRU | ||
| 105 | _ay ||||||||| | ||
| 200 | 1 |
_a200 тем французского языка _f[сост. А. А. Сологуб] |
|
| 210 |
_aРостов-на-Дону _cУдача _d2008 |
||
| 215 |
_a316, [1] с. _d20 |
||
| 225 | 1 | _aСерия "Книжная полка учащихся: справочники, энциклопедии, словари, разговорники" | |
| 517 | 0 | _aДвести тем французского языка | |
| 606 | 1 |
_aФранцузский язык _jУчебные издания _xРазговорные темы _92385356 _3RU\NLR\auth\661422887 |
|
| 686 |
_aШ147.11-933.74 _2rubbk |
||
| 686 | _aШ147.11-93рус-6 | ||
| 702 | 1 |
_aСологуб _bА. А. _gАлександр Александрович _4220 |
|
| 801 | 0 |
_aRU _bРКП _c20090318 _grcr |
|
| 801 | 1 |
_aRU _bРГБ _c20090318 |
|
| 801 | 2 |
_aRU _bNLR _c20090520 _grcr |
|
| 942 | _cBOOK | ||
| 980 | _aNB | ||